Higher education : tuition increases and colleges' efforts to contain costs : report to the Honorable Charles E. Schumer, House of Representatives /

Bibliographic Details
Corporate Author: United States. General Accounting Office
Format: Government Document Microform Book
Language:English
Published: Washington, D.C. (P.O. Box 37050, Washington 20013) : The Office, [1998]
Subjects:
Online Access:Adobe Acrobat Reader required

MARC

Tag First Indicator Second Indicator Subfields
LEADER 00000cam a2200000 a 4500
001 in00000006122
007 he bmb024bbca
008 990823s1998 dcua bb f000 0 eng c
005 20230331144430.5
035 |a (OCoLC)ocm43579517 
035 |9 AJK1311AM 
035 |a in00000006122 
037 |a 161196  |b GAO (202) 512-6000 (voice); (202) 512-6061 (Fax)  |f paper copy 
040 |a LOL  |c LOL  |d OCL  |d OCLCQ  |d GPO  |d DLC  |d MvI  |d UtOrBLW 
042 |a pcc 
043 |a n-us--- 
049 |a UMIC  |a WWW 
074 |a 0546-D (MF) 
074 |a 0546-D (online) 
086 0 |a GA 1.13:HEHS-98-227 
088 |a GAO/HEHS-98-227 
088 |a B-279220 
110 1 |a United States.  |b General Accounting Office. 
245 1 0 |a Higher education :  |b tuition increases and colleges' efforts to contain costs : report to the Honorable Charles E. Schumer, House of Representatives /  |c United States General Accounting Office. 
246 3 0 |a Tuition increases and colleges' efforts to contain costs 
264 1 |a Washington, D.C. (P.O. Box 37050, Washington 20013) :  |b The Office,  |c [1998] 
300 |a 42 pages :  |b illustrations ;  |c 28 cm. 
336 |a text  |b txt  |2 rdacontent 
337 |a microform  |b h  |2 rdamedia 
338 |a microfiche  |b he  |2 rdacarrier 
500 |a Cover title. 
500 |a "September 1998." 
500 |a Shipping list number: 99-0717-M. 
500 |a Shipping List Date: 07/26/99 
504 |a Includes bibliographical references. 
500 |a "GAO/HEHS-98-227." 
500 |a "B-279220"--P. [1]. 
533 |a Microfiche.  |b [Washington, D.C.] :  |c U.S. General Accounting Office,  |d [1999?]  |e 1 microfiche : negative. 
530 |a Also available via Internet from the GPO Access web site. Address as of 10/15/02: http://frwebgate.access.gpo.gov/cgi-bin/getdoc.cgi?dbname=gao&docid=f:he98227.pdf; current access is available via PURL. 
500 |a Microform. 
650 0 |a College costs  |z United States. 
650 0 |a Universities and colleges  |z United States  |x Finance. 
650 0 |a Universities and colleges  |z United States  |x Costs. 
856 4 1 |u https://purl.fdlp.gov/GPO/LPS18422  |z Adobe Acrobat Reader required  |t 0 
999 |a MARS 
999 f f |i b267b98a-cdb5-32db-8299-3adc83849e17  |s 02db19c0-2c21-3072-bf51-f253569b7fa9  |t 0 
952 f f |p normal  |a Texas A&M University  |b College Station  |c Sterling C. Evans Library  |d Evans: US Documents Microfiche (3rd floor)  |t 0  |e GA 1.13:HEHS-98-227  |h Superintendent of Documents classification  |i microform -- microfiche  |m A14824307748 
952 f f |a Texas A&M University  |b College Station  |c Electronic Resources  |d Available Online  |t 0  |e GA 1.13:HEHS-98-227  |h Superintendent of Documents classification 
998 f f |a GA 1.13:HEHS-98-227  |t 0  |l Evans: US Documents Microfiche (3rd floor) 
998 f f |a GA 1.13:HEHS-98-227  |t 0  |l Available Online